000 00578nam a2200193Ia 4500
005 20250508150604.0
008 008 250505s9999 xx 000 0 eng d
037 _aTextual
040 _aFEDL
_beng
_cFEDL
041 _aeng
_2eng
084 _a155.45, WAT
_qFEDL
100 _aWatts A.F.
_9757120
245 0 _aLanguage and mental development of children : An essay in educational psychology
260 _aBoston, USA
_bD C Heath and Company
300 _a354p.
650 _aChild Psychology
942 _cTEXL
_h155.45, WAT
999 _c1324434
_d1324434